Pastýřka ohně /

Hlavní autor: Valenta, Milan, 1958-
Jazyk: Čeština
Vydáno: Praha : Baronet, 2006
Vydání: Vyd. 1.
Témata:
Externí odkaz: Digitalizovaný dokument
Fyzický popis: 192 s. : il. ; 21 cm
Knihy
Uloženo v:
LEADER 01075nam a2200325 a 4500
001 nkc20061642632
003 CZ PrNK
005 20060505095912.0
007 ta
008 060213s2006 xr a g 000 f cze
015 |a cnb001642632 
020 |a 80-7214-868-0  |q (váz.) 
035 |a (OCoLC)77521541 
040 |a BOA001  |b cze  |d ABA001 
072 7 |a 821.162.3-3  |x Česká próza  |2 Konspekt  |9 25 
080 |a 821.162.3-31  |2 MRF 
080 |a (0:82-31)  |2 MRF 
100 1 |a Valenta, Milan,  |d 1958-  |7 jn20010310214  |4 aut  |4 pht 
245 1 0 |a Pastýřka ohně /  |c Milan Valenta 
250 |a Vyd. 1. 
260 |a Praha :  |b Baronet,  |c 2006 
300 |a 192 s. :  |b il. ;  |c 21 cm 
655 7 |a české romány  |7 fd133974  |2 czenas 
655 9 |a Czech fiction  |2 eczenas 
856 4 1 |u http://www.digitalniknihovna.cz/mzk/uuid/uuid:f23ac4d0-4242-11e4-aded-005056827e51  |y Digitalizovaný dokument  |x NDK 
910 2 |a BOA001  |b 2-1166.074 
990 |a BK 
995 |a 01 
991 |b 200603 
996 6 |b 2610274805  |c 2-1166.074  |l MZK  |r Sklad / do 1 hodiny  |n 1  |p p.v.  |w 000811203  |u 000010  |a 1  |e BOA001  |j MZK50  |s P